La odisea / (Registro nro. 1951)
[ vista simple ]
| 000 -CABECERA | |
|---|---|
| campo de control de longitud fija | 01674nam a2200277Ia 4500 |
| 003 - IDENTIFICADOR DEL NÚMERO DE CONTROL | |
| campo de control | AR-RoIUNI |
| 005 - FECHA Y HORA DE LA ÚLTIMA TRANSACCIÓN | |
| campo de control | 20210323081615.0 |
| 007 - CAMPO FIJO DE DESCRIPCIÓN FÍSICA--INFORMACIÓN GENERAL | |
| campo de control de longitud fija | ta |
| 008 - DATOS DE LONGITUD FIJA--INFORMACIÓN GENERAL | |
| campo de control de longitud fija | 150616s2012 ag r 000 0 spa d |
| 020 ## - NÚMERO INTERNACIONAL ESTÁNDAR DEL LIBRO | |
| Número Internacional Estándar del Libro | 9789871512706 |
| 020 ## - NÚMERO INTERNACIONAL ESTÁNDAR DEL LIBRO | |
| Número Internacional Estándar del Libro | 9500819384 |
| 040 ## - FUENTE DE LA CATALOGACIÓN | |
| Centro/agencia transcriptor | AR-RoIUNI |
| Lengua de catalogación | spa |
| Normas de descripción | aarc2 |
| 041 1# - CÓDIGO DE LENGUA | |
| Código de lengua del texto/banda sonora o título independiente | spa |
| Código de lengua original | grc |
| 080 ## - NÚMERO DE LA CLASIFICACIÓN DECIMAL UNIVERSAL | |
| Número de la Clasificación Decimal Universal | 821.14 HOM |
| 100 1# - ENTRADA PRINCIPAL--NOMBRE DE PERSONA | |
| Nombre de persona | Homero |
| 9 (RLIN) | 96 |
| Títulos y otros términos asociados al nombre | |
| 245 13 - MENCIÓN DE TÍTULO | |
| Título | La odisea / |
| Mención de responsabilidad, etc. | Homero. |
| 260 ## - PUBLICACIÓN, DISTRIBUCIÓN, ETC. (PIE DE IMPRENTA) | |
| Lugar de publicación, distribución, etc. | Buenos Aires : |
| Nombre del editor, distribuidor, etc. | Libertador, |
| Fecha de publicación, distribución, etc. | c2012. |
| 300 ## - DESCRIPCIÓN FÍSICA | |
| Extensión | 320 p. ; |
| Dimensiones | 19 cm |
| 500 ## - NOTA GENERAL | |
| Nota general | Traducción en prosa. |
| 520 3# - SUMARIO, ETC. | |
| Sumario, etc. | En torno a Homero, el gran poeta épico griego, es todo muy misterioso. La realidad y la fantasía se mezclan y el autor pasa a ser tan legendario como sus obras. Los protagonistas de los poemas más importantes de la Antigüedad, La Ilíada y La Odisea, fueron los que movieron la imaginación y las conciencias de gran parte del mundo civilizado de aquellos tiempos. La Odisea que presentamos aquí en edición integra, es un poema de carácter épico, y relata las aventuras de Odiseo, rey de Itaca, en su peregrinación por el mar Mediterráneo. Mientras tanto, su mujer, la paciente Penélope, tejía de día y destejía de noche una tela interminable para evitar desposarse nuevamente. Su hijo, el joven Telémaco, trata por todos los medios de alejar a los pretendientes de su madre con la secreta esperanza de ver regresar a su padre y recobrar la vida en familia. Después de 20 años, Odiseo regresa. [Descripción del editor]. |
| 650 #4 - PUNTO DE ACCESO ADICIONAL DE MATERIA--TÉRMINO DE MATERIA | |
| Término de materia o nombre geográfico como elemento inicial | PSICOLOGÍA |
| 9 (RLIN) | 108 |
| 650 #4 - PUNTO DE ACCESO ADICIONAL DE MATERIA--TÉRMINO DE MATERIA | |
| Término de materia o nombre geográfico como elemento inicial | FILOSOFÍA |
| 9 (RLIN) | 77 |
| 650 #4 - PUNTO DE ACCESO ADICIONAL DE MATERIA--TÉRMINO DE MATERIA | |
| Término de materia o nombre geográfico como elemento inicial | LITERATURA GRIEGA |
| Subdivisión de forma | POESÍA ÉPICA |
| Subdivisión general | SIGLO VIII [A.C.] |
| 650 #4 - PUNTO DE ACCESO ADICIONAL DE MATERIA--TÉRMINO DE MATERIA | |
| Término de materia o nombre geográfico como elemento inicial | POESÍA ÉPICA GRIEGA |
| Subdivisión cronológica | SIGLO VIII [A.C.] |
| 942 ## - ELEMENTOS DE PUNTO DE ACCESO ADICIONAL (KOHA) | |
| Tipo de ítem Koha | Libros |
| Fuente del sistema de clasificación o colocación | Clasificación Decimal Universal |
| Estado de retiro | Estado de pérdida | Fuente del sistema de clasificación o colocación | Estado dañado | Excepción de préstamo | Código de colección | Localización permanente | Ubicación/localización actual | Ubicación en estantería | Fecha de adquisición | Número de inventario | Total de préstamos | Signatura topográfica completa | Código de barras | Fecha visto por última vez | Fecha del último préstamo | Número de copia | Precio válido a partir de | Tipo de ítem Koha | Fuente de adquisición |
|---|---|---|---|---|---|---|---|---|---|---|---|---|---|---|---|---|---|---|---|
| Clasificación Decimal Universal | Psicología | BIBLIOTECA RIOBAMBA | BIBLIOTECA RIOBAMBA | BIBLIOTECA RIOBAMBA | 16/06/2015 | 1952 | 1 | 821.14 HOM | 1952 | 08/05/2018 | 04/05/2018 | 1 | 16/06/2015 | Libros | |||||
| Clasificación Decimal Universal | Humanistica | BIBLIOTECA CENTRAL | BIBLIOTECA CENTRAL | BIBLIOTECA CENTRAL | 14/09/2018 | 4151 | 821.14 HOM | 4151c | 12/09/2019 | 14/09/2018 | Libros | Compra |

